Ethical doctrines in Jainism. (Record no. 87290)
[ view plain ]
| 000 -LEADER | |
|---|---|
| fixed length control field | 00799cam a2200229 4500 |
| 001 - CONTROL NUMBER | |
| control field | sa 68016759 |
| 003 - CONTROL NUMBER IDENTIFIER | |
| control field | DLC |
| 005 - DATE AND TIME OF LATEST TRANSACTION | |
| control field | 20260227112657.0 |
| 008 - FIXED-LENGTH DATA ELEMENTS--GENERAL INFORMATION | |
| fixed length control field | 710414s1967 ii c b 00100 eng |
| 010 ## - LIBRARY OF CONGRESS CONTROL NUMBER | |
| LC control number | sa 68016759 |
| 025 ## - OVERSEAS ACQUISITION NUMBER | |
| Overseas acquisition number | PL480: I-E-11151 |
| 050 0# - LIBRARY OF CONGRESS CALL NUMBER | |
| Classification number | BJ1290 |
| Item number | .S6 1967 |
| 100 10 - MAIN ENTRY--PERSONAL NAME | |
| Personal name | Sogani, Kamal Chand. |
| 245 10 - TITLE STATEMENT | |
| Title | Ethical doctrines in Jainism. |
| 250 ## - EDITION STATEMENT | |
| Edition statement | [1st ed.] |
| 260 0# - PUBLICATION, DISTRIBUTION, ETC. | |
| Place of publication, distribution, etc. | Sholapur, |
| Name of publisher, distributor, etc. | Lalchand Hirachand Doshi; [copies can be had from Jaina Saṁskṛti Saṁrakshaka Sangha] |
| Date of publication, distribution, etc. | 1967. |
| 300 ## - PHYSICAL DESCRIPTION | |
| Extent | xvi, 302 p. |
| Other physical details | port. |
| Dimensions | 25 cm. |
| 350 ## - PRICE (NR) (BK AM CF MU VM SE) [OBSOLETE] | |
| Price | 12.00 |
| 500 ## - GENERAL NOTE | |
| General note | "Substantially the same as the thesis which was approved by the University of Rajasthan for the degree of doctor of philosophy in 1961." |
| 504 ## - BIBLIOGRAPHY, ETC. NOTE | |
| Bibliography, etc. note | Bibliography: p. [281]-284. |
| 650 #0 - SUBJECT ADDED ENTRY--TOPICAL TERM | |
| Topical term or geographic name entry element | Jaina ethics. |
No items available.